Best Zombie Kiling Weapons Quiz Stats

 Plays Quiz not verified by Sporcle

Challenge
Share
Tweet
Embed
Score 0/18 Timer 06:00
0 Plays Today
Possible Location Weapon % Correct
The ToolboxHammer
64%
The FarmPitchfork
57.6%
The StadiumBaseball Bat
52.3%
The FarmShovel
46%
The ToolboxScrewdriver
40.9%
The FarmMachete
29.6%
The GarageCrowbar
26.4%
The KitchenCleaver
17.9%
The KitchenFrying Pan
15.7%
Possible Location Weapon % Correct
Fire
13.8%
The GarageSledgehammer
10.6%
Spear
7.5%
The KitchenChefs Knife
3.4%
Staff
3.4%
The KitchenIce Pick
3.3%
Firearms
2.5%
Baton
1.1%
Tomhawk
0.6%

You're not logged in!

Compare scores with friends on all Sporcle quizzes.
OR
Log In

You Might Also Like...

Show Comments

Extras

Created Jul 3, 2010ReportNominate
Tags:location, weapons, zombies

Top Quizzes Today


Score Distribution

Your Account Isn't Verified!

In order to create a playlist on Sporcle, you need to verify the email address you used during registration. Go to your Sporcle Settings to finish the process.

Report this User

Report this user for behavior that violates our Community Guidelines.

Details: